| 000 | 01288ngm a22004090a 4500 | ||
|---|---|---|---|
| 001 | PT42278 | ||
| 003 | AR-LpoUNG | ||
| 005 | 20210201235942.0 | ||
| 007 | vd cvaizq | ||
| 008 | 191001s2002||||ag |||||||||||||||||spa d | ||
| 037 | _c$3.35 | ||
| 040 |
_aAR-LpoUNG _bspa _cAR-LpoUNG _eaacr |
||
| 041 | _aspa | ||
| 044 | _aag | ||
| 082 | 0 | _a980 834v1 | |
| 100 | 1 |
_aCoscia, Jorge _edir. |
|
| 245 | 1 | 3 | _aEl continente de los leones calvos |
| 260 |
_aBuenos Aires : _bMiradas al Sur, _cnoviembre 2002. |
||
| 300 | _aDVD (49 min.) : son., byn, col. | ||
| 505 | 0 | _aDocumental basado en el libro de Jorge Abelardo Ramos. Idea: Jorge Coscia. Producción: Marcelo Altmark, Renato Miari. Edición: Liliana Nadal. Fotografía y cámara: Miguel Miño, Franco Cruz. Adaptación del libro: Daniel González. Guión: Horacio Sereno. Sonido: Gaspar Scheuer. | |
| 650 | 4 | _aAMERICA LATINA | |
| 650 | 4 | _aANALISIS HISTORICO | |
| 650 | 4 | _aARGENTINA | |
| 650 | 4 | _aCOLONIALISMO | |
| 650 | 4 | _aESPAÑA | |
| 650 | 4 | _aHISTORIA POLITICA | |
| 650 | 4 | _aHISTORIA SOCIAL | |
| 650 | 4 | _aIGLESIA CATOLICA | |
| 650 | 4 | _aREVOLUCION | |
| 651 | 4 | _aAmérica Latina | |
| 653 | _aCINE ARGENTINO | ||
| 653 | _aDOCUMENTALES | ||
| 653 | _aDVD | ||
| 653 | _aVIDEOS | ||
| 905 | _a42278 | ||
| 942 | _cDVD | ||
| 999 |
_c53823 _d53823 |
||